| 000 | 00000nam##2200000za#4500 |
| 001 | 9.695392 |
| 003 | CaOODSP |
| 005 | 20210624234544 |
| 007 | cr ||||||||||| |
| 008 | 150407|1997||||xxc|||||o f|0| 0 eng|d |
| 040 | |aCaOODSP|beng |
| 043 | |an-cn--- |
| 086 | 1 |aH46-2/97-203E-PDF |
| 110 | 1 |aCanada.|bHealth Canada. |bEnvironmental Health Directorate. |
| 245 | 10|aNational survey of Canadian mammographic facilities / |h[electronic resource]|c[by G.R. Symonds]. |
| 260 | |aOttawa - Ontario : |bHealth Canada. |cc1997. |
| 300 | |a17p.|bfig., graphs, references, tables |
| 500 | |aThe catalogue number (H46-2/1997-203E) and ISBN (0-662-26151-8) for the print edition have been incorrectly copied in this electronic publication. |
| 504 | |aBibliography. |
| 590 | |a12-12-Supp|b2012-03-28 |
| 690 | 07|aHealth care facilities|2gcpds |
| 720 | 1 |aSymonds, G. R. |
| 775 | 08|tÉtude nationale des cliniques de mammographie canadiennes / |w(CaOODSP)9.639531 |
| 776 | 0#|tNational survey of Canadian mammographic facilities / |w(CaOODSP)9.646721 |
| 856 | 40|ahttp://publications.gc.ca|qPDF|s408 KB|uhttps://publications.gc.ca/collections/Collection/H46-2-97-203E.pdf |
| 986 | |a97-EHD-203 |